Most succesful Football Clubs in Europe - Statistics

General Stats
  • This quiz has been taken 31 times
  • The average score is 10 of 40
Answer Stats
Answer Country Nr Titles % Correct
Real Madrid Spain 36
80%
Bayern Munich Germany 34
67%
FC Barcelona Spain 28
67%
Glasgow Rangers Scotland 55
67%
Inter Milan Italy 20
67%
FC Porto Portugal 30
57%
Ajax Amsterdam Netherlands 36
50%
Liverpool FC England 20
50%
PSV Eindhoven Netherlands 26
50%
Benfica Lisbon Portugal 38
43%
Juventus Turin Italy 36
43%
RSC Anderlecht Belgium 34
43%
Sporting Lisbon Portugal 21
40%
Celtic Glasgow Scotland 55
37%
Austria Wien Austria 24
27%
Rapid Wien Austria 32
27%
Slovan Bratislava Slovakia 24
27%
CSKA Sofia Bulgaria 31
23%
Dinamo Zagreb Croatia 25
23%
HJK Helsinki Finland 33
20%
Olympiacos Piraeus Greece 48
20%
FC Basel Switzerland 21
17%
Galatasaray Istanbul Turkey 25
17%
APOEL Nicosia Cyprus 29
13%
Levski Sofia Bulgaria 26
10%
Malmo FF Sweden 24
10%
Rosenborg Trondheim Norway 26
10%
Shamrock Rovers Ireland 22
10%
FC Steaua Bucharest Romania 28
7%
MTK Budapest Hungary 23
7%
Grasshopper Club Zurich Switzerland 27
3%
FC Sheriff Tiraspol Moldova 20
0%
Ferencváros TC Hungary 36
0%
Floriana FC Malta 26
0%
Jeunesse Esch Luxembourg 28
0%
KF Tirana Albania 26
0%
KR Reykjavik Iceland 27
0%
Panathinaikos FC Greece 20
0%
Sliema Wanderers Malta 26
0%
Ujpest FC Hungary 20
0%
No matching quizzes found
Score Distribution
Percent of People with Each Score
Percentile by Number Answered
Your Score History
You have not taken this quiz